Vista normal Vista MARC

Entrada Personal Name

Número de registros utilizados en: 2

001 - CONTROL NUMBER

  • control field: 25560

003 - CONTROL NUMBER IDENTIFIER

  • control field: OSt

005 - DATE AND TIME OF LATEST TRANSACTION

  • control field: 20230915231141.0

008 - FIXED-LENGTH DATA ELEMENTS

  • fixed length control field: 230915|| aca||aabn | a|a d

040 ## - CATALOGING SOURCE

  • Original cataloging agency: OSt
  • Transcribing agency: OSt

100 ## - HEADING--PERSONAL NAME

  • Personal name: Vidal, Gregorio

670 ## - SOURCE DATA FOUND

  • Source citation: Work cat.: (OSt)27402: Vidal, Gregorio, Privatizaciones , fusiones y adquisiciones en las empresas de América Latina, Anthropos









Instituto Departamental de Cultura del Meta - Red Departamental de Bibliotecas Públicas del Meta.